00460nam a2200193 a 4500001001300000003000900013005001700022008004100039020000900080082001300089100001400102245001200116260004500128300000900173500003500182505001000217650002500227700001400252nice12345678IN_TiNIC20260116012224.0050524s1978 dela grp 000 0 eng  ac5000a954bLAL aLal, Muni aHumayun aDelhi bVikas Pub House Pvt. Ltd. c1978 a242p aincludes index and biblioraphy2 aIndex aMughal India-Humayun1 aLal, Muni